000 00470cam a2200193ua 4500
001 10611
008 190320n ii |||gr||||Z||||||eng
020 _a9789352531295
040 _cMAIN
082 _a330.954
100 _aGaurav Datt,
_eAuthor.,
245 _aIndian economy
250 _a1st rep upd.
260 _aNew Delhi:
_bS chand and company limited,
_c2018.
300 _a1062p.
653 _aEconomics
700 _aAshwani Mahajan,
_eAuthor.
942 _cBK
999 _c9583
_d9583